header

Drug discovery and design (Record no. 208758)

MARC details
000 -LEADER
fixed length control field 01742nam a22003854a 4500
082 04 - DEWEY DECIMAL CLASSIFICATION NUMBER
Classification number 615/.19
245 00 - TITLE STATEMENT
Title Drug discovery and design
260 ## - PUBLICATION, DISTRIBUTION, ETC. (IMPRINT)
Place of publication Amsterdam ;
-- Washington, D.C. :
Name of publisher IOS Press ;
Place of publication Tokyo :
Name of publisher Ohmsha,
Year of publication c2002.
300 ## - PHYSICAL DESCRIPTION
Number of Pages ix, 324 p. :
Other physical details ill.
490 1# - SERIES STATEMENT
Series statement Biomedical and health research ;
500 ## - GENERAL NOTE
General note "This volume is a potpourri of review articles and research articles related to the 'Bioactive Drugs in Drug Discovery and Design'. It can be regarded as a continuation of Volume 22 published by IOS Press in the series Biomedical and Health Research."--P. v.
650 #0 - SUBJECT ADDED ENTRY--TOPICAL TERM
Topical Term Drugs
Topical Term Drugs
Topical Term Pharmaceutical technology.
700 1# - ADDED ENTRY--PERSONAL NAME
Personal name Matsoukas, J.
Personal name Mavromoustakos, T.
856 40 - ELECTRONIC LOCATION AND ACCESS
Uniform Resource Identifier http://site.ebrary.com/lib/rucke/Doc?id=10116490

No items available.

© 2026 Rongo University
Contact us: librarian | system librarian | Rongo university